000 00630cam a22002293a 4500
001 30134
003 PGUSA
005 20140828083642.0
008 090929s2009||||xxu|||||s|||||000 | eng d
040 _aPGUSA
_beng
042 _adc
050 4 _aBP
100 1 _aRogers, L. W.
_q(Louis William),
_d1859-1953
245 1 0 _aElementary Theosophy
_h[electronic resource] /
_cL. W. Rogers
260 _bProject Gutenberg,
_c2009
506 _aPublic domain in the USA.
516 _aElectronic text
653 _aTheosophy
830 0 _aProject Gutenberg
_v30134
856 4 0 _uhttp://www.gutenberg.org/ebooks/30134
942 _cEB
999 _c259389
_d259389